000 00288nam a2200121Ia 4500
005 20251222144839.0
008 251222s9999||||xx |||||||||||||| ||spa||
020 _a978-9972-244-82-7
082 _a985.077/J24
100 _a"Jara, Humberto"
245 0 _aSecretos del tĂșnel
942 _cLIB
999 _c21143
_d21143